000 00334nam a2200133Ia 4500
008 220613s9999||||xx |||||||||||||| ||und||
100 _aAdam Greenspan
245 0 _aOrthopedic Radiology A Practicao Approach
250 _a3rd/2000
260 _bLIPPINCOTT WILLIAMS & WILKINS
300 _a954
650 _aRadiology
942 _cMEDI
999 _c5537
_d5537